Statistics for Middle Eastern Geography By Letter - C

Click here to take the quiz!

General Stats

  • This quiz has been taken 123 times
    (117 since last reset)
  • The average score is 13 of 20

Answer Stats

ClueAnswer% Correct
Capital of EgyptCairo
100%
Island nationCyprus
97%
Circle of latitude: Tropic of _______Cancer
95%
Former name of IstanbulConstantinople
94%
Term for someone from that nationCypriot
89%
Religion started in IsraelChristianity
87%
Lover of Caesar and AntonyCleopatra
84%
Term for Egyptians who follow
that religion
Copts
81%
Islamic symbol :Star and ________Crescent
79%
Tree found on the Lebanese flagCedar
78%
Range northwestern Iran touchesCaucasus
69%
Largest mammal of the regionCamel
65%
Major lake north of IranCaspian Sea
64%
Rashidun, Umayyad, Abbasid e.g.Caliphate
60%
First king of PersiaCyrus
35%
Large felid (cat) found in IranCheetah
33%
Region famous for its air balloonsCappadocia
24%
Major Turkish city on the DardanellesÇanakkale
10%
Southernmost city of IranChabahar
5%
Bird that is Iraq's national animalChukar
2%

Score Distribution

Percentile by Number Answered

Percent of People with Each Score

Your Score History

You have not taken this quiz since the last reset